[Event "ROM-ch U08"]
[Site "Calimanesti Caciulata"]
[Date "2016.04.19"]
[Round "2"]
[White "Radu, Teodor"]
[Black "Caunic, Rares Octavian"]
[Result "0-1"]
[WhiteElo "1121"]
[BlackElo "1382"]
[PlyCount "52"]
[EventDate "2016.04.18"]
[EventType "swiss"]
[EventRounds "9"]
[EventCountry "ROU"]
[SourceTitle "CBM 172 Extra"]
[Source "ChessBase"]
[SourceDate "2016.06.21"]
[SourceVersion "1"]
[SourceVersionDate "2016.06.21"]
[SourceQuality "1"]

1. e4 c5 2. Nc3 e6 3. Bc4 d6 4. f4 Nd7 5. Nf3 Be7 6. 0-0 Qc7 7. d3 Ngf6 8. Be3 0-0 9. f5 exf5 10. exf5 b6 11. Qe1 Bb7 12. Qg3 Rfe8 13. Bh6 Bf8 14. Be3 Rxe3 15. Qf4 Rae8 16. Ng5 R3e7 17. Qh4 Qc6 18. Rf3 h6 19. Nh3 Ne5 20. Rg3 Nxc4 21. dxc4 Re1+ 22. Rxe1 Rxe1+ 23. Kf2 Rc1 24. Qxf6 Rxc2+ 25. Kg1 Rxg2+ 26. Rxg2 Qxg2# 0-1

[Event "ROM-ch U08"]
[Site "Calimanesti Caciulata"]
[Date "2016.04.18"]
[Round "1"]
[White "Caunic, Rares Octavian"]
[Black "Moldovan, Tudor Alin"]
[Result "1-0"]
[WhiteElo "1382"]
[BlackElo "1021"]
[PlyCount "51"]
[EventDate "2016.04.18"]
[EventType "swiss"]
[EventRounds "9"]
[EventCountry "ROU"]
[SourceTitle "CBM 172 Extra"]
[Source "ChessBase"]
[SourceDate "2016.06.21"]
[SourceVersion "1"]
[SourceVersionDate "2016.06.21"]
[SourceQuality "1"]

1. e4 e5 2. Nf3 Nc6 3. Bc4 Bc5 4. Nc3 Nf6 5. 0-0 d6 6. h3 Bd7 7. d3 Qe7 8. Bg5 h6 9. Bh4 g5 10. Bg3 Nh5 11. Nd5 Qd8 12. Bh2 g4 13. hxg4 Bxg4 14. Kh1 Nd4 15. c3 Nxf3 16. gxf3 Bh3 17. Re1 Qg5 18. Rg1 Qh4 19. Nxc7+ Kf8 20. Nxa8 Qxf2 21. Rc1 Be3 22. Rc2 Qh4 23. Qe1 Bxg1 24. Qxh4 Nf6 25. Qxf6 Rg8 26. Qxf7# 1-0